Länder, die Österreich am häufigsten besuchen - Statistiken

Allgemein
  • Dieses Quiz wurde 408 mal gespielt
  • Das Durchschnittsergebnis liegt bei 9 aus 10
Antwortstatistiken
# Touristen Land % Korrekt
12,134,836 Deutschland
100%
1,122,936 Italien
99%
1,400,251 Schweiz
96%
708,233 Vereinigte Staaten
91%
517,708 Frankreich
90%
711,351 Tschechien
86%
715,119 China
83%
1,734,453 Niederlande
83%
875,664 Vereinigtes Königreich
80%
514,329 Belgien
72%
Keine übereinstimmenden Quizze gefunden
Verteilung der Resultate
Anzahl Personen mit jedem Resultat
Perzentil nach korrekt beantworteten Fragen
Ihre Resultats-Entwicklung
Sie haben dieses Quiz noch nicht gespielt